Quality Assurance in Health Care

מידע ביבליוגרפי
פורמט: אלקטרוני כתב-עת
שפה:English
יצא לאור: Oxford University Press
נושאים:
גישה מקוונת:Full text available on JSTOR[1989-01-01 - 1993-01-01]
Off-campus access
LEADER 01043cas a2200217 a 4500
001 AALejournalJSTOR002357
008 230228c9999 xx r poo 0 0eng d
022 |a 1040-6166 
022 |a 2753-5444 
040 |a BD-DhAAL  |c BD-DhAAL 
245 0 0 |h [electronic resource]  |a Quality Assurance in Health Care 
260 |b Oxford University Press 
300 |a 1 online resource 
362 0 |a Vol. 1,  |a no. 1 
500 |a <strong>Off-Campus Access:</strong> Athens ID and Password Required 
500 |a <strong>On-Campus Access:</strong> No User ID or Password Required 
506 |a Electronic access restricted to authorized BRAC University faculty, staff and students 
538 |a Mode of access: Internet 
650 4 |a Health Policy ; Health Sciences ; Medicine & Allied Health ; Public Health 
856 4 0 |z Full text available on JSTOR[1989-01-01 - 1993-01-01]  |u https://www.jstor.org/journal/qualassuhealcare 
856 4 0 |z Off-campus access  |u https://go.openathens.net/redirector/bracu.ac.bd?url=https%3A%2F%2Fwww.jstor.org%2Fjournal%2Fqualassuhealcare